Exam PREP CISA certified information systems auditor (Record no. 187263)

MARC details
000 -LEADER
fixed length control field 00460nam a2200157Ia 4500
005 - DATE AND TIME OF LATEST TRANSACTION
control field 20250416172542.0
008 - FIXED-LENGTH DATA ELEMENTS--GENERAL INFORMATION
fixed length control field 231217s9999 xx 000 0 und d
020 ## - INTERNATIONAL STANDARD BOOK NUMBER
International Standard Book Number 978831713983
082 ## - DEWEY DECIMAL CLASSIFICATION NUMBER
Classification number 004.076 GRE;1 R
100 ## - MAIN ENTRY--PERSONAL NAME
Personal name Gregg, Michael.
245 #0 - TITLE STATEMENT
Title Exam PREP CISA certified information systems auditor
260 ## - PUBLICATION, DISTRIBUTION, ETC. (IMPRINT)
Date of publication, distribution, etc. 2008
Name of publisher, distributor, etc. Pearson Education
Place of publication, distribution, etc. New Delhi
300 ## - PHYSICAL DESCRIPTION
Extent xiii, 578
650 ## - SUBJECT ADDED ENTRY--TOPICAL TERM
Topical term or geographic name as entry element Exam,PREP,CISA,certified,information,auditor
942 ## - ADDED ENTRY ELEMENTS (KOHA)
Koha item type Books
Holdings
Date last seen Total Checkouts Full call number Accession number Old discount Cost, replacement price Price effective from Category Lost status Damaged status Department Withdrawn status bill no. bill date Permanent Location Current Location Shelving location Entry date Vendor Cost, normal purchase price Grants Currency symbol Conversion rate Discount Discount type
26/01/2024   004.076 GRE;1 R 67414 50 249.50 26/01/2024 Books     Central Library   60071 25/02/2014 Central Library Central Library Central Library 29/07/2010 Book Paradise 499.00 CS RS 1 249.5 Rupees
26/01/2024   004.076 GRE;2 R1 67415 50 249.50 26/01/2024 Books     Central Library   60071 25/02/2014 Central Library Central Library Central Library 29/07/2010 Book Paradise 499.00 CS RS 1 249.5 Rupees
26/01/2024   004.076 GRE;3 67416 50 249.50 26/01/2024 Books     Central Library   60071 25/02/2014 Central Library Central Library Central Library 29/07/2010 Book Paradise 499.00 CS RS 1 249.5 Rupees

© For any Suggestions or Query, please contact the library staff @ librarian@pes.edu or Phone: +9180 2672 1983/ 2108.